02400cam a22004094a 4500999001900000001000900019003000500028005001700033008004100050010001700091016002000108020002200128035002400150035002100174040006000195042000800255050002100263060002700284082001600311100002100327245004500348260006100393300003600454440005600490504006400546505096300610650003101573650003001604650003701634650002501671650002701696650002701723856008301750906004501833942001201878952010001890 c234149d23414914818591Nust20170314133734.0070418s2008 maua b 001 0 eng  a 20070163837 a1013050562DNLM a978-93-80108-17-9 a(OCoLC)ocn123539480 a(OCoLC)123539480 aDNLM/DLCcASABdNLMdBAKERdBTCTAdC#PdBWXdYDXCPdDLC apcc00aR858b.B475 200810aW 26.55.S6bB516r 200800a612 BER2221 aBerman, Jules J.10abiomedical informaticscJules J. Berman. aSudbury, Mass. :bJones and Bartlett Publishers,cc2008. axviii, 459 p. :bill. ;c26 cm. 0aJones and Bartlett series in biomedical informatics aIncludes bibliographical references (p. 299-304) and index.0 aOverview of the Ruby language (level 1) -- Survey of Ruby classes and the Ruby standard library (level 1) -- Object orientation in Ruby (level 2) -- Ruby extensions and standard libraries (level 2) -- Biomedical data files used in later chapters (level 1) -- Using Ruby strings, hashes, arrays, files, and directories (level 1) -- Pattern searching with regular expressions (level 1) -- File/dataset transformations (level 1) -- Indexing text (level 1) -- Searching and mining data (level 1) -- Scrubbing confidential medical data (level 1) -- Autocoding biomedical data using nomenclatures (level 3) -- Some mathematical and statistical methods (level 2) -- Cryptography and de-identification (level 2) -- Common gateway interface (level 4) -- Enter Ruby on Rails (level 4) -- The bioinformatics library, Bio, and Ruby (level 3) -- Ruby and resource description framework (level 3) -- Ruby and biological classifications (level 3) -- Book summary (level 3). 0aMedicinexData processing. 0aBiologyxData processing. 0aRuby (Computer program language)12aMedical Informatics.12aProgramming Languages.22aComputational Biology.413Table of contents onlyuhttp://www.loc.gov/catdir/toc/ecip0716/2007016383.html a7bcbccorignewd1eecipf20gy-gencatlg 2ddccBK 00102ddc40708NFICaASABbASABd2017-03-14l0o612 BERpASAB1792r2017-03-14w2017-03-14yBK